Management information systems / (Record no. 127484)

MARC details
000 -LEADER
fixed length control field 00703nam a22002297a 4500
005 - DATE AND TIME OF LATEST TRANSACTION
control field 20170124110026.0
010 ## - LIBRARY OF CONGRESS CONTROL NUMBER
LC control number B-047137
020 ## - INTERNATIONAL STANDARD BOOK NUMBER
Terms of availability 350.00
International Standard Book Number 8120311469
035 ## - SYSTEM CONTROL NUMBER
System control number B-047137
037 ## - SOURCE OF ACQUISITION
Source of stock number/acquisition Cen Lib/Ret
040 ## - CATALOGING SOURCE
Original cataloging agency DPL
Language of cataloging EN
082 ## - DEWEY DECIMAL CLASSIFICATION NUMBER
Classification number 658.4038
Item number OBR
100 ## - MAIN ENTRY--PERSONAL NAME
Personal name Obrein, A. James
9 (RLIN) 20612
245 ## - TITLE STATEMENT
Title Management information systems /
Statement of responsibility, etc by James A. obrien
260 ## - PUBLICATION, DISTRIBUTION, ETC. (IMPRINT)
Name of publisher, distributor, etc Galgotia publications
Place of publication, distribution, etc New Delhi
Date of publication, distribution, etc 1996
270 ## - ADDRESS
City New Delhi
Postal code 110002
Address 5,Ansari road Daryaganj
300 ## - PHYSICAL DESCRIPTION
Extent xxxiii,670p.
Dimensions 26cm(Hb)
500 ## - GENERAL NOTE
General note Includes index
650 ## - SUBJECT ADDED ENTRY--TOPICAL TERM
Topical term or geographic name as entry element Human resource management
9 (RLIN) 9535
650 ## - SUBJECT ADDED ENTRY--TOPICAL TERM
Topical term or geographic name as entry element Managemnet system
9 (RLIN) 20613
942 ## - ADDED ENTRY ELEMENTS (KOHA)
Source of classification or shelving scheme Dewey Decimal Classification
Koha item type English Books
Classification part 658.4038
Call number suffix OBR
Holdings
Withdrawn status Lost status Damaged status Not for loan Home library Current library Date acquired Source of acquisition Cost, normal purchase price Total Checkouts Full call number Barcode Date last seen Copy number Cost, replacement price Price effective from Koha item type
        Central Library Central Library 29/06/2015 Cen Lib/Ret 0.00   658.4038 OBR B-047137 29/06/2015 1 0.00 29/06/2015 English Books

© Delhi Public Library
Hit Counter
free hit counter